[Event "España ch sub-12 2012"]
[Site "Salobreña ESP"]
[Date "2012.07.07"]
[Round "9.14"]
[White "Lledo Moll, Carles"]
[Black "Orantes Taboada, Francisco"]
[Result "0-1"]
[WhiteElo "1551"]
[BlackElo "1688"]
[PlyCount "102"]
[EventDate "2012.07.02"]
[EventType "swiss"]
[EventRounds "9"]
[EventCountry "ESP"]
[Source "lmi"]
[SourceDate "2012.07.02"]

1. d4 Nf6 2. c4 g6 3. Nc3 d5 4. Bg5 Ne4 5. Bh4 Nxc3 6. bxc3 Bg7 7. e3 dxc4 8.
Bxc4 O-O 9. Nf3 c5 10. O-O Nc6 11. Re1 Bf5 12. e4 Bg4 13. d5 Ne5 14. Be2 Re8
15. h3 Bxf3 16. Bxf3 Qa5 17. Re3 Nc4 18. Rd3 Nb2 19. Qc2 Nxd3 20. Qxd3 Qxc3 21.
Qxc3 Bxc3 22. Rc1 Bd4 23. Bg3 Rac8 24. e5 b6 25. d6 exd6 26. exd6 Rcd8 27. Kf1
Be5 28. Bxe5 Rxe5 29. Rd1 Re6 30. d7 Kf8 31. Bb7 f5 32. f3 Ke7 33. Bc8 Rc6 34.
Re1+ Kf8 35. Rd1 Rc7 36. Rd2 c4 37. Ke2 c3 38. Rc2 Rcxc8 39. dxc8=Q Rxc8 40.
Kd3 Ke7 41. Rxc3 Rxc3+ 42. Kxc3 a6 43. a4 f4 44. h4 Kd6 45. Kc4 h6 46. Kd4 b5
47. Kc3 Kc5 48. Kb3 b4 49. Kb2 Kc4 50. Kc2 b3+ 51. Kb2 a5 0-1

[Event "España ch sub-12 2012"]
[Site "Salobreña ESP"]
[Date "2012.07.07"]
[Round "9.20"]
[White "Diez Villace, Victor"]
[Black "Fernandez Nieto, Javier"]
[Result "1-0"]
[WhiteElo "1521"]
[BlackElo "1583"]
[PlyCount "165"]
[EventDate "2012.07.02"]
[EventType "swiss"]
[EventRounds "9"]
[EventCountry "ESP"]
[Source "lmi"]
[SourceDate "2012.07.02"]

1. c4 c6 2. d3 d5 3. cxd5 cxd5 4. g3 Bf5 5. Bg2 e6 6. Nc3 Nf6 7. Qb3 Qd7 8. Bf4
Nh5 9. Bxb8 Rxb8 10. a3 Nf6 11. Qb5 Be7 12. Nf3 O-O 13. Qxd7 Nxd7 14. Nd2 Bg6
15. O-O Rfc8 16. Rfc1 a6 17. d4 Bf6 18. e3 Nb6 19. Na2 Bd3 20. Bf1 Bg6 21.
Rxc8+ Rxc8 22. Rc1 Rxc1 23. Nxc1 Na4 24. b4 Kf8 25. Bd3 Bxd3 26. Nxd3 b6 27.
Kf1 Ke8 28. Ke1 Kd7 29. Kd1 Kc6 30. Kc2 b5 31. Nc5 Nxc5 32. bxc5 Bd8 33. Nb3
Bc7 34. Kc3 f6 35. Kb4 g5 36. a4 bxa4 37. Kxa4 h5 38. Nd2 g4 39. Nb3 Bd8 40.
Nc1 Bc7 41. Nd3 Kb7 42. Nf4 Bxf4 43. gxf4 Kc6 44. Ka5 Kb7 45. Kb4 Kc6 46. Ka4
Kc7 47. Ka5 Kb7 48. f5 exf5 49. c6+ Kxc6 50. Kxa6 f4 51. exf4 h4 52. f5 h3 53.
Ka5 Kc7 54. Kb5 Kd6 55. Kb6 Kd7 56. Kc5 Kc7 57. Kxd5 Kd7 58. Ke4 Kd6 59. Ke3
Kd5 60. Kd3 Kd6 61. Kc4 Kc6 62. d5+ Kc7 63. Kc5 Kd7 64. d6 Kd8 65. Kc4 Kc8 66.
Kd4 Kd8 67. Ke4 Ke8 68. Kf4 Kd7 69. Kxg4 Kxd6 70. Kxh3 Ke7 71. Kg4 Kf7 72. Kf4
Kg7 73. Ke4 Kf7 74. Kd5 Ke7 75. Kc6 Kf7 76. Kd7 Kf8 77. Ke6 Kg7 78. Ke7 Kg8 79.
Kxf6 Kf8 80. Kg6 Kg8 81. f6 Kf8 82. f7 Ke7 83. Kg7 1-0

[Event "España ch sub-12 2012"]
[Site "Salobreña ESP"]
[Date "2012.07.07"]
[Round "9.21"]
[White "Pavon Martinez, Alberto"]
[Black "Quintana Perez, Maider"]
[Result "1/2-1/2"]
[WhiteElo "1535"]
[BlackElo "1742"]
[PlyCount "76"]
[EventDate "2012.07.02"]
[EventType "swiss"]
[EventRounds "9"]
[EventCountry "ESP"]
[Source "lmi"]
[SourceDate "2012.07.02"]

1. e4 d5 2. exd5 Qxd5 3. Nc3 Qa5 4. d4 Nf6 5. Be2 c6 6. Nf3 Bf5 7. Bf4 e6 8.
O-O Be7 9. Nd2 O-O 10. Bf3 Qd8 11. Nc4 Nbd7 12. Re1 Nd5 13. Nxd5 cxd5 14. Nd6
Bxd6 15. Bxd6 Re8 16. Bf4 Qf6 17. c4 Nb6 18. c5 Nc4 19. b3 Nb2 20. Qd2 Nd3 21.
Be5 Qg6 22. Red1 Nxe5 23. dxe5 Rac8 24. Rac1 Red8 25. Qb4 Rd7 26. Qa4 Rdc7 27.
b4 a6 28. Qa3 f6 29. Qb2 fxe5 30. Qxe5 Qf6 31. Qe2 a5 32. bxa5 Rxc5 33. Rxc5
Rxc5 34. a6 bxa6 35. Qxa6 Qd8 36. g4 Bg6 37. Qxe6+ Bf7 38. Qe3 Ra5 1/2-1/2

[Event "España ch sub-12 2012"]
[Site "Salobreña ESP"]
[Date "2012.07.07"]
[Round "9.22"]
[White "Iglesias Feijoo, Alberto"]
[Black "Galiana Fernandez, Adrian"]
[Result "1/2-1/2"]
[WhiteElo "1660"]
[BlackElo "1470"]
[PlyCount "129"]
[EventDate "2012.07.02"]
[EventType "swiss"]
[EventRounds "9"]
[EventCountry "ESP"]
[Source "lmi"]
[SourceDate "2012.07.02"]

1. e4 c5 2. Nf3 e6 3. d4 cxd4 4. Nxd4 Nf6 5. Nc3 Bb4 6. Bg5 Qc7 7. Ndb5 Qe5 8.
Bxf6 gxf6 9. Qd4 Qxd4 10. Nxd4 a6 11. Nde2 Nc6 12. f4 b5 13. g3 Bb7 14. Bg2 Rc8
15. O-O Ke7 16. Rad1 Rhg8 17. Bf3 Bc5+ 18. Kh1 Rh8 19. a3 h5 20. h4 e5 21. Nd5+
Ke6 22. f5+ Kd6 23. Nb6+ Ke7 24. Nxc8+ Bxc8 25. Nc3 Kf8 26. Nd5 Kg7 27. b4 Ba7
28. c3 Rh6 29. Rd2 Kf8 30. Rg2 Ne7 31. Rd1 Nxd5 32. Rxd5 Ke7 33. Rgd2 Rh8 34.
Kh2 Rh6 35. Kh3 Bb8 36. g4 hxg4+ 37. Kxg4 d6 38. h5 Bb7 39. R5d3 Bc7 40. c4
bxc4 41. Rc3 Bb8 42. Rxc4 Kd7 43. Rdc2 Rh8 44. Kh4 Rh7 45. Rg2 Rh8 46. Rg7 Ke7
47. Rc2 Ke8 48. Rcg2 Kf8 49. h6 Bxe4 50. h7 Rxh7+ 51. Rxh7 Bxf3 52. Rf2 Kg8 53.
Rxf7 Kxf7 54. Rxf3 Ke7 55. a4 e4 56. Re3 d5 57. Kg4 Bd6 58. b5 axb5 59. axb5
Bc5 60. Rc3 Kd6 61. Kf4 d4 62. Rxc5 Kxc5 63. Kxe4 Kxb5 64. Kxd4 Kc6 65. Ke4
1/2-1/2

[Event "España ch sub-12 2012"]
[Site "Salobreña ESP"]
[Date "2012.07.07"]
[Round "9.23"]
[White "Perez Roales, Miguel"]
[Black "Martinez Bernardo, Aitor"]
[Result "1/2-1/2"]
[BlackElo "1640"]
[PlyCount "66"]
[EventDate "2012.07.02"]
[EventType "swiss"]
[EventRounds "9"]
[EventCountry "ESP"]
[Source "lmi"]
[SourceDate "2012.07.02"]
[WhiteElo "1533"]

1. c4 e5 2. g3 Nc6 3. Bg2 Bc5 4. Nc3 d6 5. e3 a6 6. Nge2 Ba7 7. O-O h5 8. h3 h4
9. g4 f5 10. gxf5 Bxf5 11. Kh2 g5 12. Rg1 Nh6 13. f3 Qd7 14. Nd5 Kf7 15. Qf1
Kg7 16. Bh1 Nf7 17. b3 Be6 18. Bb2 Bxd5 19. cxd5 Nb4 20. f4 Raf8 21. Qb1 Qb5
22. Nc3 Qd3 23. Qxd3 Nxd3 24. Ba3 exf4 25. Be4 Nde5 26. d4 Ng6 27. Rac1 fxe3
28. Ne2 Bb6 29. Bxg6 Kxg6 30. Nf4+ Kh6 31. Ne6 Rc8 32. Rcf1 Rh7 33. Rf6+ Kh5
1/2-1/2

[Event "España ch sub-12 2012"]
[Site "Salobreña ESP"]
[Date "2012.07.07"]
[Round "9.24"]
[White "Antunez Muñoz, Ines"]
[Black "Guerrero Orihuela, Jose Luis"]
[Result "0-1"]
[WhiteElo "1872"]
[PlyCount "132"]
[EventDate "2012.07.02"]
[EventType "swiss"]
[EventRounds "9"]
[EventCountry "ESP"]
[Source "lmi"]
[SourceDate "2012.07.02"]
[BlackElo "1491"]

1. e4 c5 2. Nf3 e6 3. d4 cxd4 4. Nxd4 a6 5. Nc3 b5 6. Bd3 d6 7. Qe2 Nf6 8. O-O
Be7 9. Bd2 O-O 10. Rae1 Bb7 11. Kh1 Nbd7 12. f4 Qc7 13. e5 dxe5 14. fxe5 Nd5
15. Nxd5 Bxd5 16. Qg4 Nxe5 17. Bxh7+ Kxh7 18. Qh5+ Kg8 19. Qxe5 Qxe5 20. Rxe5
Bf6 21. Rxf6 gxf6 22. Re3 Rfd8 23. Bc3 e5 24. Nf5 Be6 25. Rg3+ Kf8 26. Bb4+ Ke8
27. Nd6+ Kd7 28. Rd3 Bc4 29. Nxc4+ Ke6 30. Rxd8 Rxd8 31. Ne3 f5 32. Kg1 f4 33.
Nf1 Rd1 34. Kf2 e4 35. Ke2 Rc1 36. Bd2 Rxc2 37. Kd1 Rxb2 38. Bxf4 Rxa2 39. Ne3
f5 40. h4 Rf2 41. g3 b4 42. h5 b3 43. Kc1 a5 44. h6 a4 45. Nc4 Rc2+ 46. Kb1
Rxc4 47. h7 Rc8 48. Kb2 Rh8 49. Ka3 Rxh7 50. Kb2 Rh2+ 51. Ka3 Ra2+ 52. Kb4 b2
53. Ka5 b1=Q 54. Bc7 Qb5+ 55. Kxb5 e3 56. Ba5 e2 57. Be1 Ra1 58. Bc3 e1=Q 59.
Bxe1 Rxe1 60. Kxa4 Rb1 61. Ka3 Kd5 62. Ka2 Rb4 63. Ka3 Kc4 64. Ka2 Rb3 65. g4
fxg4 66. Ka1 Ra3+ 0-1